000 00998nam a2200313Ia 4500
001 Z_5234
003 CHAP
008 220113s2005 xx 000 0 und d
010 _a168297
040 _cCHAP
090 _aTesis M 1852
100 _aMendiola Cabello, María Guadalupe
_974579
245 _aAcumulación de forraje de dos variedades de maíz en los primeros 100 días del ciclo de crecimiento /
_cpor María Guadalupe Mendiola Cabello
260 _aChapingo, Méx. :
_bEl autor,
_c2005
300 _a47 h.
502 _aTesis (Ing. Agr. Esp. en Zootecnia) -- UACH. Departamento de Zootecnia
650 _aMaíz como forraje
_971109
650 _aMaíz
_xCrecimiento
_970923
650 _aMaíz
_xFisiología y morfología
_970958
650 _aMaíz
_xMateria seca
_xDeterminación
_971004
650 _aMaíz
_xVariedades
_971081
650 _aPastoreo
_985984
901 _aTESIS M 1852
902 _aM
910 _a2005
942 _c2
942 _c2
999 _c168297
_d168297